Multicolinealidad y análisis factorial. Una presentación simplificada
שמור ב:
| מחבר ראשי: | |
|---|---|
| מחבר תאגידי: | |
| פורמט: | ספר |
| שפה: | ספרדית |
| יצא לאור: |
Santiago
Universidad de Chile
1976
|
| סדרה: | Documento de Docencia, 10
|
| נושאים: | |
| תגים: |
הוספת תג
אין תגיות, היה/י הראשונ/ה לתייג את הרשומה!
|
MARC
| LEADER | 00000nam a2200000 a 4500 | ||
|---|---|---|---|
| 001 | UCR7653 | ||
| 003 | CL-VaPUC | ||
| 008 | 980519e19760600CL |||||||||||||||||spa|d | ||
| 082 | 0 | 4 | |a 330.0151 |b UTH |2 21 |
| 100 | 0 | |a Uthoff, Andras |e author |9 408998 | |
| 110 | 2 | |a Departamento de Economía, Universidad de Chile |e author |9 408999 | |
| 245 | 1 | 0 | |a Multicolinealidad y análisis factorial. Una presentación simplificada |
| 300 | |a 18 p | ||
| 942 | |c BK | ||
| 945 | |d 19980519 00:00:00 |a crobeson | ||
| 260 | |a Santiago |b Universidad de Chile |c 1976 | ||
| 650 | 0 | |a Economía matemática |9 270388 | |
| 650 | 0 | |a Análisis matemático |9 260146 | |
| 650 | 0 | |a Econometría |9 261029 | |
| 583 | |a last modification |c 19980519 00:00:00 |k Rodrigo Vera | ||
| 490 | 0 | |a Documento de Docencia, 10 | |
| 999 | |c 269243 |d 269241 | ||